[Event "Corsica Masters"]
[Site "Bastia FRA"]
[Date "2011.10.26"]
[EventDate "2011.10.22"]
[Round "6.4"]
[Result "1-0"]
[White "Gawain Jones"]
[Black "Xavier Bedouin"]
[WhiteElo "2624"]
[BlackElo "2406"]
[PlyCount "49"]

1. e4 e5 2. Nf3 Nc6 3. d4 exd4 4. Nxd4 Nf6 5. Nxc6 bxc6 6. e5
Qe7 7. Qe2 Nd5 8. c4 Nb6 9. Nc3 Bb7 10. Bd2 g6 11. Ne4 O-O-O
12. a4 Ba6 13. f3 Bxc4 14. Qf2 Bxf1 15. Kxf1 d5 16. exd6 cxd6
17. Bg5 Qe6 18. a5 Nd5 19. Qxa7 Be7 20. Rc1 Qd7 21. Qa6+ Kc7
22. Bxe7 Nxe7 23. Nf6 Qe6 24. Qb6+ Kc8 25. a6 1-0

[Event "Corsica Masters"]
[Site "Bastia FRA"]
[Date "2011.10.26"]
[EventDate "2011.10.22"]
[Round "7.3"]
[Result "1/2-1/2"]
[White "Tal Baron"]
[Black "Gawain Jones"]
[WhiteElo "2505"]
[BlackElo "2624"]
[PlyCount "105"]

1. d4 f5 2. Nc3 Nf6 3. Bg5 d5 4. Bxf6 exf6 5. e3 Be6 6. Bd3
Nc6 7. Nge2 Qd7 8. a3 Ne7 9. Nf4 Bf7 10. Qf3 h5 11. h4 O-O-O
12. Qg3 g6 13. O-O-O Bh6 14. Kb1 Kb8 15. Nce2 Nc8 16. Qf3 Ka8
17. Nc1 c6 18. Nb3 Nd6 19. Rc1 Nc4 20. Qg3 Qd6 21. c3 Rhg8
22. Kc2 g5 23. hxg5 fxg5 24. Nxh5 f4 25. exf4 gxf4 26. Qf3 Bg6
27. Nc5 b6 28. Bxg6 Qxg6+ 29. Nd3 Rde8 30. Rce1 Re4 31. Qh3
Qd6 32. Qf5 Rf8 33. Qh7 Rfe8 34. Kb1 Rxe1+ 35. Rxe1 Rxe1+
36. Nxe1 Qe6 37. Nd3 Qe2 38. Ka2 Qxh5 39. Qd7 a5 40. Qc8+ Ka7
41. Qc7+ Ka8 42. Qxc6+ Ka7 43. Qc7+ Ka8 44. Ne5 Nxe5 45. dxe5
Qe2 46. Qd8+ Ka7 47. Qxd5 f3 48. Qd7+ Ka6 49. Qc8+ Ka7
50. Qc7+ Ka6 51. Qc8+ Ka7 52. Qc7+ Ka6 53. Qc8+ 1/2-1/2

[Event "Corsica Masters"]
[Site "Bastia FRA"]
[Date "2011.10.27"]
[EventDate "2011.10.22"]
[Round "8.4"]
[Result "1/2-1/2"]
[White "Gawain Jones"]
[Black "Pavel Tregubov"]
[WhiteElo "2624"]
[BlackElo "2602"]
[PlyCount "83"]

1. e4 c5 2. Nf3 e6 3. g3 Nc6 4. Bg2 d5 5. exd5 exd5 6. O-O Nf6
7. d4 cxd4 8. Nxd4 Be7 9. Nc3 O-O 10. Be3 Bg4 11. Qd3 Qd7
12. Rfe1 Rac8 13. Nxc6 bxc6 14. Bd4 Rfe8 15. Qa6 Bf5 16. Re2
Bg4 17. Re3 Be6 18. Ree1 c5 19. Be5 Ng4 20. Bf4 g5 21. Bd2 h6
22. Qa4 Qxa4 23. Nxa4 Bf6 24. Nc3 Ne5 25. Rad1 Nc4 26. Nxd5
Bxd5 27. Bxd5 Nxd2 28. Rxe8+ Rxe8 29. Rxd2 Bxb2 30. Kf1 Kf8
31. Rd3 Rd8 32. Bc4 Rxd3 33. cxd3 Bd4 34. Ke2 Ke7 35. h3 f5
36. f4 gxf4 37. gxf4 Kf6 38. Kf3 Bc3 39. Bb3 Bd4 40. Bc4 Bc3
41. Bb3 Bd4 42. Bc4 1/2-1/2

[Event "European Rapid Championship"]
[Site "Warsaw POL"]
[Date "2011.12.17"]
[EventDate "2011.12.17"]
[Round "2"]
[Result "1-0"]
[White "Gawain Jones"]
[Black "Victoriano Sanz Losada"]
[WhiteElo "2635"]
[BlackElo "2133"]
[PlyCount "61"]

1. Nf3 Nf6 2. g3 g6 3. Bg2 Bg7 4. O-O O-O 5. d3 c5 6. e4 Nc6
7. Nc3 d6 8. h3 a6 9. Be3 e5 10. Nd2 b5 11. a4 Rb8 12. axb5
axb5 13. Ne2 Qc7 14. c3 Nd7 15. f4 f6 16. g4 Kh8 17. f5 g5
18. h4 h6 19. Rf3 Nd8 20. Rh3 Nf7 21. Ng3 gxh4 22. Rxh4 Ng5
23. Nf3 Kg8 24. Qd2 Qd8 25. Kf2 Kf7 26. Rah1 Rh8 27. Qd1 Ba6
28. Nh5 Qc7 29. Nxg7 Kxg7 30. R1h2 Rbg8 31. Qh1 1-0

[Event "European Rapid Championship"]
[Site "Warsaw POL"]
[Date "2011.12.17"]
[EventDate "2011.12.17"]
[Round "3"]
[Result "0-1"]
[White "Karol Rawicz"]
[Black "Gawain Jones"]
[WhiteElo "2269"]
[BlackElo "2635"]
[PlyCount "48"]

1. d4 Nf6 2. c4 c5 3. d5 b5 4. cxb5 a6 5. bxa6 g6 6. Nc3 Bxa6
7. Nf3 d6 8. e4 Bxf1 9. Kxf1 Nbd7 10. g3 Bg7 11. Kg2 O-O
12. Re1 Ra6 13. e5 Ng4 14. exd6 exd6 15. Bf4 Nge5 16. Nxe5
Nxe5 17. Qe2 Qa8 18. Rad1 Rb8 19. Rd2 Rb4 20. a3 Rb3 21. Nb5
Qb7 22. Nxd6 Rxd6 23. Bxe5 Bxe5 24. Qxe5 Re6 0-1

[Event "European Rapid Championship"]
[Site "Warsaw POL"]
[Date "2011.12.17"]
[EventDate "2011.12.17"]
[Round "4"]
[Result "1/2-1/2"]
[White "Gawain Jones"]
[Black "Ralf Akesson"]
[WhiteElo "2635"]
[BlackElo "2421"]
[PlyCount "92"]

1. e4 c6 2. d4 d5 3. e5 Bf5 4. h4 h5 5. c4 e6 6. Nc3 Ne7
7. Nf3 Nd7 8. a3 dxc4 9. Bxc4 Nb6 10. Ba2 Ned5 11. Bg5 Be7
12. Ne2 Bg4 13. Qd3 Qd7 14. Rc1 Bf5 15. Qd2 f6 16. Be3 Bg4
17. Nh2 Nxe3 18. Qxe3 Bxe2 19. Qxe2 Nd5 20. Nf3 f5 21. Qd2 Nc7
22. Qa5 Bd8 23. O-O Nd5 24. Qd2 a5 25. Ng5 Bxg5 26. Qxg5 Kf7
27. Rfd1 Qd8 28. Bxd5 Qxd5 29. Rc3 Qd8 30. Qf4 Qe7 31. Rg3
Rad8 32. Rg5 g6 33. Rd3 c5 34. Qg3 c4 35. Rd2 Rhg8 36. Qc3 Qc7
37. Rc2 Rc8 38. a4 Qd7 39. Qxa5 Ra8 40. Qb5 Qxb5 41. axb5 Rgc8
42. Rc3 Ra1+ 43. Kh2 Rb1 44. Rcg3 Rg8 45. Rc3 Rc8 46. Rcg3 Rg8
1/2-1/2

[Event "European Rapid Championship"]
[Site "Warsaw POL"]
[Date "2011.12.17"]
[EventDate "2011.12.17"]
[Round "5"]
[Result "1/2-1/2"]
[White "Marcin Sieciechowicz"]
[Black "Gawain Jones"]
[WhiteElo "2441"]
[BlackElo "2635"]
[PlyCount "139"]

1. d4 Nf6 2. c4 c5 3. d5 b5 4. Nf3 g6 5. cxb5 a6 6. b6 d6
7. Nc3 Bg7 8. e4 Qxb6 9. a4 O-O 10. a5 Qb4 11. Ra4 Qb7 12. Be2
Bd7 13. Ra1 Bb5 14. O-O Nbd7 15. Qc2 Bxe2 16. Qxe2 Rfb8
17. Nd2 Ne8 18. Nc4 Nc7 19. Na4 Qb5 20. Re1 Ne5 21. Nxe5 Bxe5
22. Nb6 Ra7 23. Qc2 Qb4 24. Rd1 Nb5 25. Ra4 Nd4 26. Rxb4 Nxc2
27. Rc4 Nd4 28. b4 Ne2+ 29. Kf1 Nxc1 30. Rdxc1 Bb2 31. R1c2
Ba3 32. bxc5 Bxc5 33. Ke2 Kg7 34. Na4 Bb4 35. Rb2 Rab7 36. Rc6
Bxa5 37. Rxb7 Rxb7 38. Rxa6 Rb5 39. Kd3 Be1 40. Ke2 Rb1
41. Nb6 Bb4 42. Nc4 Re1+ 43. Kf3 Bc5 44. Rc6 Rc1 45. Ne3 Kf6
46. Ng4+ Kg5 47. g3 Rc3+ 48. Ne3 Ra3 49. h4+ Kf6 50. Kf4 h6
51. Ng4+ Kg7 52. Rc7 h5 53. Ne3 Bxe3+ 54. fxe3 Kf6 55. Rc6 Ra4
56. Rb6 Kg7 57. Rb7 Ra1 58. e5 Rf1+ 59. Ke4 f5+ 60. Kd3 Rd1+
61. Ke2 Rxd5 62. Rxe7+ Kh6 63. exd6 Rxd6 64. e4 Rf6 65. exf5
Rxf5 66. Ke3 Rf6 67. Re4 g5 68. Ra4 Rf1 69. Rb4 Rf5 70. Ke4
1/2-1/2

[Event "European Rapid Championship"]
[Site "Warsaw POL"]
[Date "2011.12.17"]
[EventDate "2011.12.17"]
[Round "6"]
[Result "1-0"]
[White "Gawain Jones"]
[Black "Aleksander Czerwonski"]
[WhiteElo "2635"]
[BlackElo "2371"]
[PlyCount "95"]

1. e4 e5 2. Nf3 Nc6 3. d4 exd4 4. Nxd4 Nf6 5. Nxc6 bxc6 6. e5
Qe7 7. Qe2 Nd5 8. c4 Ba6 9. Nd2 f6 10. Qe4 Nb6 11. exf6 Qxe4+
12. Nxe4 Bxc4 13. Bxc4 Nxc4 14. O-O d5 15. Re1 gxf6 16. Nd6+
Kd7 17. Nxc4 dxc4 18. Bd2 Rb8 19. Bc3 Bb4 20. Rad1+ Kc8
21. Bxf6 Rf8 22. Re6 Rb6 23. g4 c5 24. Rxb6 cxb6 25. g5 b5
26. h4 Ba5 27. h5 b4 28. Rd5 Bb6 29. Kf1 Kc7 30. Be5+ Kc6
31. Rd6+ Kb5 32. Rd7 Rf5 33. f4 c3 34. bxc3 bxc3 35. Ke2 Ba5
36. Kd3 h6 37. Rxa7 hxg5 38. h6 gxf4 39. h7 Rxe5 40. h8=Q Re3+
41. Kc2 Re2+ 42. Kd1 c2+ 43. Kxe2 c1=Q 44. Qe8+ Kb6 45. Qb8+
Kc6 46. Ra6+ Kd7 47. Qd6+ Kc8 48. Rc6+ 1-0

[Event "European Rapid Championship"]
[Site "Warsaw POL"]
[Date "2011.12.17"]
[EventDate "2011.12.17"]
[Round "7"]
[Result "1/2-1/2"]
[White "Jacek Tomczak"]
[Black "Gawain Jones"]
[WhiteElo "2544"]
[BlackElo "2635"]
[PlyCount "85"]

1. e4 c5 2. Nf3 d6 3. d4 cxd4 4. Nxd4 Nf6 5. Nc3 g6 6. Be2 Nc6
7. O-O Bg7 8. Nb3 O-O 9. Re1 Be6 10. Bg5 Rc8 11. Bf1 h6
12. Bh4 Ne5 13. Nd5 Bxd5 14. exd5 Nc4 15. Bxc4 Rxc4 16. Bxf6
Bxf6 17. Qd3 b5 18. c3 Qb6 19. Nd2 Rc7 20. a3 Rfc8 21. Ne4 Bg7
22. h4 h5 23. Ng5 Bf6 24. Re3 Rc4 25. g3 a5 26. Rae1 Qa7
27. Rf3 b4 28. axb4 axb4 29. Ne4 bxc3 30. bxc3 Be5 31. Kg2 f5
32. Ng5 Rxc3 33. Qb5 Rxf3 34. Nxf3 Rc2 35. Qe8+ Kg7 36. Kh3
Qxf2 37. Qxe7+ Kg8 38. Qe8+ Kg7 39. Qe7+ Kg8 40. Qe8+ Kg7
41. Qe7+ Kh6 42. Qg5+ Kh7 43. Qe7+ 1/2-1/2

[Event "European Rapid Championship"]
[Site "Warsaw POL"]
[Date "2011.12.17"]
[EventDate "2011.12.17"]
[Round "8"]
[Result "1-0"]
[White "Gawain Jones"]
[Black "Miroslav Grabarczyk"]
[WhiteElo "2635"]
[BlackElo "2457"]
[PlyCount "61"]

1. e4 e5 2. d4 exd4 3. Nf3 d6 4. Nxd4 g6 5. Nc3 Bg7 6. Be3 Ne7
7. Qd2 O-O 8. Bc4 Nbc6 9. f3 Na5 10. Bb3 Nxb3 11. Nxb3 a5
12. a4 Be6 13. O-O-O Bxb3 14. cxb3 Qd7 15. Bh6 Qe6 16. h4 Qxb3
17. Bxg7 Kxg7 18. h5 f6 19. hxg6 hxg6 20. Qh6+ Kf7 21. Qh7+
Ke8 22. Nd5 Nxd5 23. exd5 Kd8 24. Qg7 Qe3+ 25. Kb1 Qe7
26. Qxg6 Qe8 27. Qh7 Ra6 28. Rde1 Qf7 29. Qf5 Qg8 30. Rh7 Rf7
31. Reh1 1-0

[Event "European Rapid Championship"]
[Site "Warsaw POL"]
[Date "2011.12.18"]
[EventDate "2011.12.17"]
[Round "9"]
[Result "1-0"]
[White "Kirill Bryzgalin"]
[Black "Gawain Jones"]
[WhiteElo "2467"]
[BlackElo "2635"]
[PlyCount "23"]

1. d4 Nf6 2. Nf3 d6 3. Bg5 Nbd7 4. Nbd2 h6 5. Bh4 g5 6. Bg3
Nh5 7. e4 Bg7 8. c3 e6 9. Bd3 Qe7 10. Qe2 b6 11. Nf1 Nf4
12. N3d2 1-0

[Event "European Rapid Championship"]
[Site "Warsaw POL"]
[Date "2011.12.18"]
[EventDate "2011.12.17"]
[Round "12"]
[Result "0-1"]
[White "Gawain Jones"]
[Black "Robert Kempinski"]
[WhiteElo "2635"]
[BlackElo "2603"]
[PlyCount "78"]

1. e4 c5 2. d3 Nc6 3. f4 e6 4. Nf3 Be7 5. Be2 d5 6. O-O Nf6
7. e5 Nd7 8. c4 Nb6 9. Nc3 Nd4 10. b3 Bd7 11. Bb2 Nxe2+
12. Qxe2 Bc6 13. Qf2 O-O 14. Kh1 Qd7 15. Ba3 Rac8 16. Rad1
Rfd8 17. h4 h6 18. Kh2 Qe8 19. Ne2 dxc4 20. bxc4 Bxf3 21. gxf3
Qa4 22. Bc1 Qxa2 23. h5 Bf8 24. Rg1 Qb3 25. Qe3 Rd7 26. f5
exf5 27. Qxh6 Qxd1 28. Qe3 Qxd3 29. Qf2 Nxc4 30. h6 Nxe5
31. Rg3 Ng6 32. f4 Qc2 33. Rc3 Qa2 34. Ra3 Qc2 35. Rc3 Qd1
36. Be3 Re8 37. Rc1 Qb3 38. Rc3 Qb2 39. h7+ Kh8 0-1

[Event "European Blitz Championship"]
[Site "Warsaw POL"]
[Date "2011.12.16"]
[EventDate "2011.12.16"]
[Round "4"]
[Result "1-0"]
[White "Ian Nepomniachtchi"]
[Black "Gawain Jones"]
[WhiteElo "2730"]
[BlackElo "2635"]
[PlyCount "110"]

1. e4 c5 2. Nf3 d6 3. d4 cxd4 4. Nxd4 Nf6 5. Nc3 g6 6. Be2 Bg7
7. O-O Nc6 8. Nb3 O-O 9. Re1 Be6 10. Bg5 Rc8 11. Bf1 Na5
12. Nd5 Nc4 13. Bxc4 Rxc4 14. Bxf6 exf6 15. c3 Rc8 16. Qd3 f5
17. Nf4 fxe4 18. Qxe4 Rc4 19. Nxe6 Rxe4 20. Nxd8 Rxe1+
21. Rxe1 Rxd8 22. Re7 d5 23. Rxb7 d4 24. cxd4 Bxd4 25. Nxd4
Rxd4 26. g3 a5 27. Kf1 Rd2 28. Ke1 Rc2 29. a4 h5 30. h4 Kg7
31. Rb5 Kf6 32. Kf1 Ke6 33. Kg2 Kf6 34. Kf3 Ke6 35. Ke3 Kf6
36. f3 Rg2 37. b3 Rb2 38. Kd3 Ke6 39. Kc4 Rc2+ 40. Kd4 Rd2+
41. Ke3 Rb2 42. g4 hxg4 43. fxg4 Rh2 44. h5 Rh3+ 45. Kf4 gxh5
46. gxh5 f6 47. Kg4 Rc3 48. Rb7 Rc1 49. h6 Rg1+ 50. Kf4 Rf1+
51. Ke3 Rh1 52. h7 Rh4 53. Ra7 f5 54. Ra6+ Kf7 55. Rxa5 Kg7
1-0

[Event "European Blitz Championship"]
[Site "Warsaw POL"]
[Date "2011.12.16"]
[EventDate "2011.12.16"]
[Round "13"]
[Result "0-1"]
[White "Gawain Jones"]
[Black "Alexander Riazantsev"]
[WhiteElo "2635"]
[BlackElo "2710"]
[PlyCount "76"]

1. e4 c6 2. Nc3 d5 3. Nf3 Bg4 4. h3 Bxf3 5. Qxf3 e6 6. Be2 Nf6
7. O-O Bc5 8. d3 O-O 9. Qg3 Bd4 10. Bg5 Nbd7 11. Kh1 Qb6
12. Rab1 Qc5 13. f4 dxe4 14. Nxe4 Qxc2 15. Qf3 Nd5 16. Rbc1
Qxb2 17. Rb1 Qxa2 18. Rxb7 N7f6 19. Bd1 Rab8 20. Nxf6+ Bxf6
21. Bb3 Qb2 22. Rxb8 Rxb8 23. Bc4 h6 24. Bxf6 Qxf6 25. Qf2 Rb6
26. Qa2 Ne3 27. Rf3 Nxc4 28. dxc4 Qd4 29. Kh2 Rb2 30. Qa6 Qd2
31. Rg3 Qxf4 32. Qc8+ Kh7 33. Qf8 Qf6 34. Qc5 Rc2 35. Qxc6 Qe5
36. Qf3 f5 37. Qd3 Rc1 38. h4 a5 0-1

[Event "British Championships"]
[Site "North Shields ENG"]
[Date "2012.08.04"]
[EventDate "2012.07.23"]
[Round "11"]
[Result "0-1"]
[White "David Ledger"]
[Black "Gawain Jones"]
[WhiteElo "2246"]
[BlackElo "2655"]
[PlyCount "68"]

1. e4 c5 2. Nf3 d6 3. d4 cxd4 4. Nxd4 Nf6 5. Nc3 g6 6. Be3 Bg7
7. f3 Nc6 8. Qd2 O-O 9. Bc4 Bd7 10. O-O-O Rb8 11. Bb3 Na5
12. h4 b5 13. h5 Nc4 14. Bxc4 bxc4 15. hxg6 fxg6 16. Bh6 Qb6
17. b3 cxb3 18. axb3 Bxh6 19. Qxh6 Rf7 20. Qg5 Rc8 21. Nd5
Nxd5 22. exd5 Qa5 23. Kb2 e5 24. Ne2 Bf5 25. Rd2 Rb7 26. Ra1
Qc5 27. Rc1 Kg7 28. g4 h6 29. Qh4 Bxc2 30. Rcxc2 Rxb3+ 31. Kc1
Qa3+ 32. Kd1 Rb1+ 33. Nc1 Qxf3+ 34. Re2 Qd3+ 0-1

[Event "Queenstown Chess Classic"]
[Site "Queenstown NZL"]
[Date "2012.01.20"]
[EventDate "2012.??.??"]
[Round "6.10"]
[Result "0-1"]
[White "Irine Kharisma Sukandar"]
[Black "Gawain Jones"]
[WhiteElo "2325"]
[BlackElo "2653"]
[PlyCount "72"]

1. e4 g6 2. d4 Bg7 3. Nc3 d6 4. Bg5 h6 5. Bh4 c5 6. dxc5 Qa5
7. Bb5+ Nc6 8. Nge2 dxc5 9. Qd5 Qb6 10. a4 a6 11. a5 axb5
12. axb6 Rxa1+ 13. Nd1 g5 14. Bg3 Nf6 15. Qxc5 Nxe4 16. Qxb5
O-O 17. Bc7 Rxd1+ 18. Kxd1 Nxf2+ 19. Ke1 Nxh1 20. c3 Bd7
21. Qd5 Be6 22. Qe4 Ra8 23. Nc1 Ra5 24. Nd3 Bd5 25. Qg4 Ra1+
26. Kd2 Be6 27. Qf3 Bc8 28. Nc1 Na5 29. b3 Bd7 30. Kc2 Bc6
31. Qe3 Nf2 32. Qxf2 Be4+ 33. Kd2 Nxb3+ 34. Ke3 Rxc1 35. Kxe4
Rxc3 36. Qa2 e6 0-1

[Event "Bundesliga"]
[Site "?"]
[Date "2012.02.04"]
[EventDate "2012.??.??"]
[Round "8.3"]
[Result "1/2-1/2"]
[White "Thomas Henrichs"]
[Black "Gawain Jones"]
[WhiteElo "2473"]
[BlackElo "2624"]
[PlyCount "83"]

1. d4 Nf6 2. c4 e6 3. Nf3 Bb4+ 4. Bd2 Qe7 5. g3 Nc6 6. Nc3
Bxc3 7. Bxc3 Ne4 8. Rc1 O-O 9. Bg2 d6 10. d5 Nxc3 11. Rxc3 Nd8
12. O-O f5 13. Qb3 Kh8 14. Qa3 b6 15. Re3 Bb7 16. Nd4 f4
17. gxf4 Rxf4 18. Nxe6 Nxe6 19. Rxe6 Qf7 20. Re4 a5 21. Qe3
Rxe4 22. Bxe4 Re8 23. Qf3 Qe7 24. Bd3 g6 25. b3 Bc8 26. Kh1
Rf8 27. Qe4 Qf6 28. Qe3 Kg7 29. f3 Bf5 30. Bxf5 Qxf5 31. Rg1
Qc2 32. Rg4 Qxa2 33. Qc3+ Kg8 34. Re4 a4 35. Re7 Rf7 36. Re8+
Rf8 37. Re7 Rf7 38. Re8+ Rf8 39. Rxf8+ Kxf8 40. Qh8+ Kf7
41. Qxh7+ Kf6 42. Qh4+ 1/2-1/2

[Event "Bundesliga"]
[Site "?"]
[Date "2012.02.26"]
[EventDate "2012.??.??"]
[Round "11.3"]
[Result "1/2-1/2"]
[White "Gawain Jones"]
[Black "Alexander Ipatov"]
[WhiteElo "2624"]
[BlackElo "2591"]
[PlyCount "82"]

1. e4 c6 2. Nc3 d5 3. Nf3 Bg4 4. h3 Bxf3 5. Qxf3 e6 6. Be2 g6
7. d4 Bg7 8. Be3 Nd7 9. exd5 exd5 10. O-O-O Nf8 11. g4 Ne6
12. Qg3 Qb8 13. Qxb8+ Rxb8 14. h4 Nh6 15. Bf3 f5 16. g5 Nf7
17. Ne2 Nd6 18. Nf4 Kf7 19. Nxe6 Kxe6 20. Bf4 Rbe8 21. Bxd6
Kxd6 22. c3 h6 23. Kd2 Bf8 24. Kd3 hxg5 25. hxg5 Be7 26. c4
Bxg5 27. cxd5 Bf4 28. dxc6 bxc6 29. Rdg1 g5 30. Rxh8 Rxh8
31. Rh1 Rxh1 32. Bxh1 g4 33. b4 Bc1 34. a4 Bg5 35. Bg2 Bh4
36. Ke3 Bg5+ 37. Ke2 Bh6 38. Kd3 Bc1 39. Kc2 Bf4 40. Kd3 Bh2
41. Ke2 Bf4 1/2-1/2

[Event "Reykjavik Open"]
[Site "Reykjavik ISL"]
[Date "2012.03.08"]
[EventDate "2012.03.06"]
[Round "3"]
[Result "1-0"]
[White "Gawain Jones"]
[Black "Throstur Thorhallsson"]
[WhiteElo "2635"]
[BlackElo "2398"]
[PlyCount "83"]

1. e4 e6 2. d4 d5 3. Nd2 dxe4 4. Nxe4 Nd7 5. Nf3 Ngf6 6. Nxf6+
Nxf6 7. Bc4 c5 8. O-O a6 9. a4 Qc7 10. b3 b6 11. d5 exd5
12. Bxd5 Nxd5 13. Qxd5 Bb7 14. Re1+ Be7 15. Bf4 Bxd5 16. Bxc7
Be6 17. Bxb6 O-O 18. a5 Rac8 19. c4 Rfe8 20. Rad1 h6 21. h3
Bf8 22. Re3 g6 23. Nd2 Bf5 24. Rde1 Rxe3 25. Rxe3 h5 26. Ne4
Be7 27. Kf1 Kf8 28. f3 Rc6 29. Ke2 Rc8 30. Rd3 Bxe4 31. fxe4
Ke8 32. Rd5 Rc6 33. e5 Rc8 34. Kd3 Rc6 35. Ke3 Rc8 36. Ke4 Rc6
37. Rd3 Rc8 38. Kd5 Kd7 39. g4 h4 40. Re3 Ke8 41. Rf3 Bf8
42. Ke4 1-0

[Event "Reykjavik Open"]
[Site "Reykjavik ISL"]
[Date "2012.03.07"]
[EventDate "2012.03.06"]
[Round "2"]
[Result "0-1"]
[White "Kristian Stuvik Holm"]
[Black "Gawain Jones"]
[WhiteElo "2290"]
[BlackElo "2635"]
[PlyCount "96"]

1. d4 Nf6 2. c4 g6 3. Nc3 Bg7 4. e4 d6 5. f4 c5 6. d5 O-O
7. Nf3 e6 8. Be2 exd5 9. exd5 Bf5 10. O-O Ne4 11. Nxe4 Bxe4
12. Bd3 Bxf3 13. Qxf3 Nd7 14. Rb1 Re8 15. Bd2 Qe7 16. Rbe1 Qf8
17. b3 Bd4+ 18. Kh1 Qg7 19. Rxe8+ Rxe8 20. Re1 Rxe1+ 21. Bxe1
Bc3 22. Bg3 f5 23. Qe2 Nf8 24. Bh4 Bf6 25. Bg3 Bd8 26. h3 Qd4
27. Kh2 Bf6 28. Bf2 Qa1 29. g4 fxg4 30. hxg4 Bd4 31. Be1 h6
32. Kg2 Kf7 33. f5 g5 34. Kh3 Be5 35. Kg2 Nd7 36. Bg3 Kf8
37. Bxe5 Nxe5 38. Be4 Qd4 39. Kh2 Kf7 40. Kg2 Kf6 41. Kh2 Nd7
42. Kg2 Qe5 43. Kf2 Qf4+ 44. Bf3 Ne5 45. Kg2 a6 46. a4 a5
47. Qe4 Qxe4 48. Bxe4 Nxg4 0-1

[Event "Reykjavik Open"]
[Site "Reykjavik ISL"]
[Date "2012.03.06"]
[EventDate "2012.03.06"]
[Round "1"]
[Result "1-0"]
[White "Gawain Jones"]
[Black "Detlef Doell"]
[WhiteElo "2635"]
[BlackElo "2067"]
[PlyCount "72"]

1. e4 c5 2. Nc3 e6 3. f4 a6 4. Nf3 b5 5. g3 Bb7 6. d3 b4
7. Nb1 d5 8. Bg2 Nf6 9. e5 Nfd7 10. O-O Nc6 11. c4 bxc3
12. bxc3 Ne7 13. g4 g6 14. Na3 h5 15. h3 Qa5 16. Rb1 Bc6
17. c4 d4 18. Ng5 Bxg2 19. Kxg2 Rb8 20. Rxb8+ Nxb8 21. Ne4 Bg7
22. Qb3 Qc7 23. Nxc5 hxg4 24. hxg4 g5 25. Qb7 Qxb7+ 26. Nxb7
Ng6 27. Nd6+ Ke7 28. c5 gxf4 29. Bxf4 Bxe5 30. Bxe5 Nxe5
31. Rf4 Nbd7 32. Nac4 Rh7 33. Nxe5 Nxe5 34. Rxd4 Rh4 35. Kg3
Rh1 36. Nc4 Rg1+ 1-0

[Event "Reykjavik Open"]
[Site "Reykjavik ISL"]
[Date "2012.03.09"]
[EventDate "2012.03.06"]
[Round "4"]
[Result "0-1"]
[White "Stefan Kristjansson"]
[Black "Gawain Jones"]
[WhiteElo "2500"]
[BlackElo "2635"]
[PlyCount "47"]

1. e4 c5 2. c3 d5 3. exd5 Qxd5 4. d4 Nc6 5. Nf3 Bf5 6. Na3
cxd4 7. Nb5 O-O-O 8. cxd4 e5 9. Qa4 exd4 10. Bd2 Qe4+ 11. Kd1
a6 12. Rc1 Kb8 13. Ng5 axb5 14. Qxb5 Rd5 15. Qb3 Bg4+ 16. f3
Rxg5 17. Bxg5 Bb4 18. Rxc6 d3 19. Qxd3 Qxc6 20. fxg4 Nf6
21. Be2 Ne4 22. Be3 Ba5 23. Qc4 Qd7+ 24. Qd3 0-1

[Event "Reykjavik Open"]
[Site "Reykjavik ISL"]
[Date "2012.03.11"]
[EventDate "2012.03.06"]
[Round "6"]
[Result "1/2-1/2"]
[White "Yuriy Kryvoruchko"]
[Black "Gawain Jones"]
[WhiteElo "2666"]
[BlackElo "2635"]
[PlyCount "105"]

1. e4 c5 2. Nf3 d6 3. d4 cxd4 4. Nxd4 Nf6 5. Nc3 g6 6. Be3 Bg7
7. f3 O-O 8. Qd2 Nc6 9. O-O-O d5 10. exd5 Nxd5 11. Nxc6 bxc6
12. Bd4 Bxd4 13. Qxd4 Qb6 14. Na4 Qc7 15. Nc5 Rb8 16. Bc4 Rb4
17. a3 Rxc4 18. Qxc4 Ne3 19. Qh4 Nxd1 20. Rxd1 Qe5 21. Ne4 Bf5
22. Re1 Bxe4 23. Rxe4 Qc5 24. Re1 e6 25. Qb4 Qh5 26. Qd6 Qg5+
27. Qd2 Qf6 28. Rd1 Rb8 29. Qd4 Qg5+ 30. Rd2 a5 31. f4 Qb5
32. Qe5 Qb6 33. g3 a4 34. Rd7 Qg1+ 35. Rd1 Qb6 36. Qc3 Qa6
37. g4 Rf8 38. Qe5 Qc4 39. Kb1 f6 40. Qd4 Qe2 41. h3 e5
42. fxe5 fxe5 43. Qd6 Rf1 44. Qe6+ Kg7 45. Rxf1 Qxf1+ 46. Ka2
Qb5 47. Qe7+ Kg8 48. Qe6+ Kg7 49. h4 Qd5+ 50. Qxd5 cxd5 51. b3
e4 52. Kb2 e3 53. Kc3 1/2-1/2

[Event "Reykjavik Open"]
[Site "Reykjavik ISL"]
[Date "2012.03.11"]
[EventDate "2012.03.06"]
[Round "7"]
[Result "0-1"]
[White "Gawain Jones"]
[Black "Boris Avrukh"]
[WhiteElo "2635"]
[BlackElo "2591"]
[PlyCount "158"]

1. e4 c5 2. Nf3 e6 3. g3 Nc6 4. Bg2 Nf6 5. d3 d6 6. O-O Be7
7. Re1 O-O 8. c3 Bd7 9. d4 cxd4 10. cxd4 d5 11. e5 Ne4 12. Nc3
Nxc3 13. bxc3 Na5 14. h4 Rc8 15. Bd2 Nc4 16. Bg5 Re8 17. Rb1
Qa5 18. Rxb7 Nb6 19. Bf1 h6 20. Bxe7 Rxe7 21. Qd2 Ree8 22. c4
Qa4 23. cxd5 Nxd5 24. Qd1 Qxd1 25. Rxd1 Ba4 26. Re1 Re7
27. Rb2 Rec7 28. Nd2 Nb6 29. Ne4 Rc1 30. Rxc1 Rxc1 31. f3 Bc6
32. Nd2 Bd5 33. Kf2 Kf8 34. Bd3 Ke7 35. Be4 Bxe4 36. fxe4 Rc3
37. Nb1 Rc4 38. Ke3 Rc1 39. Rb3 Rg1 40. Kf2 Rd1 41. Rb4 Kd7
42. a4 h5 43. a5 Nc4 44. a6 Rc1 45. Rb7+ Kc8 46. g4 hxg4
47. Rb5 Nb6 48. Rb3 Rc4 49. Rc3 Kd7 50. Rxc4 Nxc4 51. Kg3 Kc6
52. Kxg4 Kb6 53. h5 Kxa6 54. h6 gxh6 55. Kh5 Na5 56. Kxh6 Nc6
57. d5 Nxe5 58. Kg7 exd5 59. exd5 Kb5 60. Kf6 Nd3 61. Kxf7 Kc5
62. Nc3 Kc4 63. Nb1 Kxd5 64. Ke7 a5 65. Kd7 Kc4 66. Kc6 Kb4
67. Kd5 a4 68. Kd4 Nc5 69. Ke3 Kb3 70. Nd2+ Kc2 71. Nc4 Kc3
72. Na3 Ne6 73. Ke2 Nd4+ 74. Kd1 Kb3 75. Nb1 Kb2 76. Nd2 Nb5
77. Nc4+ Kc3 78. Ne3 a3 79. Nc2 a2 0-1

[Event "Reykjavik Open"]
[Site "Reykjavik ISL"]
[Date "2012.03.12"]
[EventDate "2012.03.06"]
[Round "8"]
[Result "0-1"]
[White "Stelios Halkias"]
[Black "Gawain Jones"]
[WhiteElo "2588"]
[BlackElo "2635"]
[PlyCount "92"]

1. Nf3 Nf6 2. d4 g6 3. g3 Bg7 4. Bg2 O-O 5. c4 d6 6. O-O Nc6
7. Nc3 Rb8 8. b3 a6 9. Bb2 b5 10. cxb5 axb5 11. Rc1 b4 12. Na4
Na7 13. d5 Bd7 14. Ne1 e5 15. Nd3 Rb7 16. Rc4 Qa8 17. Rxb4
Rfb8 18. Rxb7 Qxb7 19. Ba1 Nb5 20. Qd2 h5 21. Rc1 h4 22. gxh4
Qc8 23. Qe3 Kh7 24. Rc4 Na3 25. Rc1 Bf5 26. f4 Bh6 27. Qa7 Nb5
28. Qf2 Bxd3 29. fxe5 Bf5 30. e4 Ng4 31. Qg3 Bxc1 32. e6 Bxe6
33. h5 Be3+ 34. Kh1 Nf2+ 35. Kg1 Ng4+ 36. Kh1 Nf2+ 37. Kg1
Nd1+ 38. Kh1 Nd4 39. Nc3 Nf2+ 40. Kg1 Ng4+ 41. Kh1 Nf2+
42. Kg1 Nh3+ 43. Kh1 Bf2 44. hxg6+ fxg6 45. Qd3 Bg4 46. e5 Qf5
0-1

[Event "Reykjavik Open"]
[Site "Reykjavik ISL"]
[Date "2012.03.13"]
[EventDate "2012.03.06"]
[Round "9"]
[Result "1-0"]
[White "Gawain Jones"]
[Black "Kore Akshayraj"]
[WhiteElo "2635"]
[BlackElo "2422"]
[PlyCount "89"]

1. e4 e5 2. Nf3 Nc6 3. Bb5 a6 4. Ba4 Nf6 5. O-O Be7 6. Re1 b5
7. Bb3 d6 8. c3 O-O 9. d4 Bg4 10. Be3 Qc8 11. h3 Bh5 12. Nbd2
Qb7 13. g4 Bg6 14. Nh4 Rad8 15. g5 Nd7 16. Nf5 Rfe8 17. d5 Na5
18. Bc2 Nb6 19. Nxe7+ Rxe7 20. h4 f6 21. h5 Be8 22. gxf6 gxf6
23. Kh2 c5 24. Rg1+ Rg7 25. Qf3 Qf7 26. Bh6 Rxg1 27. Rxg1+ Kh8
28. Bg7+ Qxg7 29. Rxg7 Kxg7 30. h6+ Kg8 31. Qg4+ Bg6 32. Qe6+
Kf8 33. Qxf6+ Ke8 34. Nf3 Nxd5 35. exd5 Bxc2 36. Qe6+ Kf8
37. Ng5 Bg6 38. Qf6+ Ke8 39. Qe6+ Kf8 40. Nxh7+ Bxh7 41. Qf6+
Ke8 42. Qh8+ Kd7 43. Qxh7+ Kc8 44. Qg7 Nc4 45. h7 1-0